Т. 49, вып. 4; Известия Сибирского Технологического Института [Известия СТИ]

Bibliographic Details
Parent link:Известия Сибирского Технологического Института [Известия СТИ]/ Сибирский технологический институт (СТИ). Т. 49, вып. 4.— , 1927-1930
Summary:Раздельная пагинация страниц
Language:Russian
Published: Изд-во "Красное знамя", 1928
Subjects:
Format: Book
KOHA link:https://koha.lib.tpu.ru/cgi-bin/koha/opac-detail.pl?biblionumber=351589

MARC

LEADER 00000nam2a2200000 4500
001 351589
005 20231102010422.0
010 |b 500 экз. 
035 |a (RuTPU)RU\TPU\retro\6717 
035 |a RU\TPU\retro\6715 
090 |a 351589 
100 |a 20190620d1928 k y0rusy50 ca 
101 0 |a rus 
102 |a RU 
105 |a ab z 000zy 
200 0 |a Т. 49, вып. 4 
210 |c Изд-во "Красное знамя"  |d 1928 
215 |a 15, 14, 9, 4, 7, [2], 27, [2], 18, [2] с.  |c черт., табл., граф., рис., карт. 
300 |a Раздельная пагинация страниц 
461 1 |0 (RuTPU)RU\TPU\book\196876  |t Известия Сибирского Технологического Института [Известия СТИ]  |f Сибирский технологический институт (СТИ)  |v Т. 49, вып. 4  |d 1927-1930 
601 0 2 |a Сибирский технологический институт (СТИ)  |c (Томск)  |c (1923-1930)  |2 stltpush  |3 (RuTPU)RU\TPU\col\5002 
606 1 |a Углеводы, производные  |x Химия  |2 stltpush  |3 (RuTPU)RU\TPU\subj\76504  |9 87555 
606 1 |a Бензол  |x Химия  |2 stltpush  |3 (RuTPU)RU\TPU\subj\76571  |9 87581 
606 1 |a Активные вещества, оптические  |2 stltpush  |3 (RuTPU)RU\TPU\subj\1662  |9 30394 
606 1 |a Галогениды  |x Химия  |2 stltpush  |3 (RuTPU)RU\TPU\subj\74948  |9 86858 
606 1 |a Сушила силикатных производств  |2 stltpush  |3 (RuTPU)RU\TPU\subj\34495  |9 56428 
610 1 |a труды учёных ТПУ 
610 1 |a коллекция ТПУ 
610 1 |a пивоваренное производство 
610 1 |a солодовые ростки 
610 1 |a составы 
610 1 |a эксперименты 
610 1 |a реакции 
610 1 |a мезостроение 
610 1 |a циклические соединения 
610 1 |a сахарная свекла 
610 1 |a высушивание 
610 1 |a процессы 
675 |a 547.454  |v 3 
675 |a 547.53  |v 3 
675 |a 535.5  |v 3 
675 |a 546.12  |v 3 
675 |a 666  |v 3 
801 1 |a RU  |b 63413507  |c 20090209  |g PSBO 
801 2 |a RU  |b 63413507  |c 20190620  |g PSBO 
942 |c BK